Problemática general de la iberización en la Cataluña interior / per E. Junyent
Descripción Física:
p. 177-185 ; 27 cm
Colección:
Monografies ; 55
Materias:
Ibers -- Catalunya
MARC
| LEADER | 00000nam a2200000Ia 4500 | ||
|---|---|---|---|
| 001 | 7821 | ||
| 008 | 160829s1976 - 78 xx 000 0 cat d | ||
| 080 | |a FU-21-41 | ||
| 100 | 1 | |a Junyent, Eduard, |d 1901-1978 |9 29498 | |
| 245 | |a Problemática general de la iberización en la Cataluña interior / per E. Junyent | ||
| 260 | |a Barcelona : |b Diputació. Institut de Prehistòria i Arqueologia, |c 1976 - 78 | ||
| 300 | |a p. 177-185 ; |c 27 cm | ||
| 490 | |a Monografies ; 55 | ||
| 590 | |a Separata d'Ampurias ; 38-40. | ||
| 590 | |a Simposi Internacional: Els orígens del món ibèric. Barcelona - Empúries, 1977 | ||
| 650 | |a Ibers |x Catalunya |9 32445 | ||
| 710 | 2 | |a Institut de Prehistòria i Arqueologia (Barcelona, Catalunya) |9 52785 | |
| 901 | |a Arxiu | ||
| 942 | |n 1 | ||
| 952 | |0 0 |1 0 |4 0 |6 FU2141 |7 1 |9 45268 |a Arxiu |b Arxiu |d 2016-12-01 |l 0 |o FU-21-41 |p 7821 |r 2016-12-01 00:00:00 |w 2016-12-01 |y ARXIU | ||
| 999 | |c 48342 |d 48342 | ||